Applied electronics and VLSI: (Record no. 40352)

MARC details
000 -LEADER
fixed length control field 00903nam a22002417a 4500
008 - FIXED-LENGTH DATA ELEMENTS--GENERAL INFORMATION
fixed length control field 081212t xxu||||| |||| 00| 0beng d
010 ## - LCCN (DPL NO)
LC control number ENG-99076
020 ## - INTERNATIONAL STANDARD BOOK NUMBER
Terms of availability 120.00
International Standard Book Number 9788190821032
035 ## - SYSTEM CONTROL NUMBER
System control number EN-82608
037 ## - SOURCE OF ACQUISITION
Source of stock number/acquisition DBAD / PUB
040 ## - CATALOGING SOURCE
Original cataloging agency dpl
Language of cataloging English
082 ## - DEWEY DECIMAL CLASSIFICATION NUMBER
Classification number 621.381
100 ## - MAIN ENTRY--PERSONAL NAME
9 (RLIN) 3724
Personal name Balamurugan, A.
245 ## - TITLE STATEMENT
Title Applied electronics and VLSI:
Statement of responsibility, etc by A. Balamurugan
Remainder of title (frequently asked questions) /
260 ## - PUBLICATION, DISTRIBUTION, ETC. (IMPRINT)
Place of publication, distribution, etc Coimbatore
Name of publisher, distributor, etc A.E. Publications
Date of publication, distribution, etc 2009
270 ## - ADDRESS
City Comibatore
Postal code 641041
Address No.10, Sundaram St-1, P.N. Pudur,
300 ## - PHYSICAL DESCRIPTION
Extent 172p.
Dimensions 22cm (pbk)
600 ## - SUBJECT ADDED ENTRY--PERSONAL NAME
Personal name Baba Visakha Singh
General subdivision Biography.
9 (RLIN) 3725
650 ## - SUBJECT ADDED ENTRY--TOPICAL TERM
Topical term or geographic name as entry element Electoonic circuit design
9 (RLIN) 9046
700 ## - ADDED ENTRY--PERSONAL NAME
9 (RLIN) 6162
942 ## - ADDED ENTRY ELEMENTS (KOHA)
Source of classification or shelving scheme Dewey Decimal Classification
Item type English Books
Call number suffix BAL
Classification part 621.381
Holdings
Withdrawn status Lost status Source of classification or shelving scheme Damaged status Not for loan Collection code Home library Current library Date acquired Source of acquisition Cost, normal purchase price Total Checkouts Full call number Barcode Date last seen Copy number Cost, replacement price Koha item type
    Dewey Decimal Classification   Not For Loan Non-fiction D.B.Act.Division D.B.Act.Division 09/08/2010 DBAd/PUB 120.00   621.381 BAL EN-82608 09/08/2010 1 120.00 English Books

© Delhi Public Library
Hit Counter
free hit counter